Countries that don’t support Kosovo - Statistics

General Stats
  • This quiz has been taken 15 times
  • The average score is 10 of 15
Answer Stats
Hint Answer % Correct
R Russia
100%
I India
80%
S A South Africa
80%
U Ukraine
80%
B Bosnia
73%
C China
73%
G Greece
73%
I Iran
73%
I Indonesia
67%
P Philippines
67%
S Spain
67%
R Romania
60%
A Algeria
40%
M Macedonia
40%
S Serbia
0%
No matching quizzes found
Score Distribution
Percent of People with Each Score
Percentile by Number Answered
Your Score History
You have not taken this quiz